000
00247nam a22000977a 4500
999
_c
2885
_d
2885
008
190403e1994 mx ||||| |||| 00| 0 spa d
245
_a
Cecil. Tratado de Medicina Interna
250
_8
19a ed.
260
_a
Mexico
_b
Interamericana
_c
1994
500
_3
Baja